| 000 | 00412nam a2200181Ia 4500 | ||
|---|---|---|---|
| 005 | 20250423095403.0 | ||
| 008 | 250422s9999 xx 000 0 und d | ||
| 020 | _a978-0-312-36655-1 | ||
| 050 | _aPS3552.0756F65 | ||
| 100 | _aJ. S Borthwick | ||
| 245 | 0 | _aFoiled Again | |
| 260 | _aNew York | ||
| 260 | _bSt Martins Minotaur | ||
| 260 | _c2007 | ||
| 300 | _a350 p | ||
| 650 | _aLiterature | ||
| 942 | _cBK | ||
| 999 |
_c30122 _d30122 |
||